| 000 | 00867nam a2200217 i 4500 | ||
|---|---|---|---|
| 001 | 62968 | ||
| 003 | ES-MaACL | ||
| 005 | 20231228062650.0 | ||
| 007 | t| | ||
| 008 | 031127s1953 sp |||| | spa d | ||
| 100 | 1 |
_aFernández Noguera, Jesús. _949957 |
|
| 245 | 1 | 0 |
_aMetabolismo basal _b: fundamentos, métodos, interpretación : (con un apéndice sobre acción específica) / _cpor Jesús Fernández Noguera ; prólogo de Gregorio Marañón. |
| 260 |
_aBarcelona : _bCientífico-Médica, _c1953 ( _fGrijelmo) |
||
| 300 |
_aXX, 520 p., 3 gráf. : _bil. ; _c24 cm. |
||
| 500 | _aPrecede al tít.: Instituto de Patología Médica. | ||
| 650 | 0 | 4 |
_aMetabolismo. _915010 |
| 700 | 1 |
_aMarañón, Gregorio, _d1887-1960 _976311 |
|
| 710 | 2 |
_aInstituto de Patologia Médica del Hospital General de Madrid. _9166436 |
|
| 852 |
_aES-MaACL _jC-5899 |
||
| 999 |
_c62968 _d62968 |
||